000 00795nam a2200253Ia 4500
003 OSt
005 20220918163412.0
006 a|||||r|||| 00| 0
007 ta
008 220917b |||||||| |||| 00| 0 eng d
020 _a0 7100 7102 7
024 _a29,739
037 _cTextual
040 _aARTS
_cARTS
_beng
041 _2eng
_aeng
082 _aO111,3L75:g, L1
100 _aCorringham Mary
_912961
245 0 _aI Jane Austen
_b a recreation in rime royal based on the letters of jane based on the letters of jane Austion her novels and the comments of her biogaphers
260 _aLonodn
_bRoutledge UK
_c1971
300 _a84p.
_ccm.
650 _aENGLISH LITERATURE
942 _hO111,3L75:g, L1
_cTEXL
_2CC
999 _c119374
_d119374